Structure of nematodes. (Record no. 22480)

MARC details
000 -LEADER
fixed length control field 00290nam a2200121Ia 4500
082 ## - DEWEY DECIMAL CLASSIFICATION NUMBER
Classification number 595.132
Item number BIR
100 ## - MAIN ENTRY--AUTHOR NAME
Personal name BIRD, Alan F
245 #0 - TITLE STATEMENT
Title Structure of nematodes.
260 ## - PUBLICATION, DISTRIBUTION, ETC. (IMPRINT)
Place of publication London
Name of publisher Academic
Year of publication 1971
650 ## - SUBJECT ADDED ENTRY--TOPICAL TERM
Topical Term Nematodes
942 ## - ADDED ENTRY ELEMENTS (KOHA)
Koha item type Books
Holdings
Withdrawn status Lost status Damaged status Not for loan Home library Current library Date acquired Full call number Accession Number Koha item type
        RRII Library RRII Library 16/12/2021 595.132 BIR 03200 Books